Dysfunctional family movies - Statistics

General Stats
  • This quiz has been taken 5 times
  • The average score is 7 of 16
Answer Stats
Hint Answer % Correct
The Jarrett family struggles to adjust to life after the accidental death of eldest son Buck. {Ordinary} People
100%
The destitute Kim family seeks upward advancement by insinuating themselves into thelives of the wealthy Park family. Parasite
100%
After getting fired from his middling corporate job, suburban father Lester Burnham seeks to free himself from a meaningless life. American {Beauty}
67%
When patriarch Beverly disappears, the women of the Weston family must reconvene inthe Oklahoma house they grew up in. August: {Osage} County
67%
The Hoover family takes a road trip so daughter Olive can compete in the ______ ____ ________ pageant. Little Miss Sunshine
67%
Kym, an estranged recovering addict, attends the nuptials of her sister _______. {Rachel} Getting Married
67%
Hortense, a Black woman, decides to search for her biological mother, whom she learnsis a white woman. Secrets & {Lies}
67%
__________ seeks to make amends with his family—which includes three adult prodigies—after leaving them long ago. The {Royal Tenenbaum}s
67%
In an affluent hamlet during the Thanksgiving holiday of 1973, changing social mores, experimentation, and discontent brings a ______. The Ice {Storm}
33%
Fraternal twins reunite after a decade of estrangement. The {Skeleton} Twins
33%
The Weisses—acting coach Stafford, stage mom Cristina, child star Benjie, and estranged Agatha—chase fame and celebrity in Hollywood. {Maps} to the {Stars}
0%
_______, an estranged writer, attends the nuptials of her sister Pauline. {Margot} at the Wedding
0%
______, the black sheep of her family, is hosting Thanksgiving dinner, an event whichcould be her mother’s last celebration. Pieces of {April}
0%
All burglar Gus had to do was complete a robbery, but he ends up being a ____ to a bickering couple on Christmas Eve. The {Ref}
0%
The _______ siblings are faced with the responsibilities of caring for their infirm father. The {Savage}s
0%
Two boys must deal with the divorce of their writer parents in 1980s Brooklyn. The {Squid} and the {Whale}
0%
No matching quizzes found
Score Distribution
Percent of People with Each Score
Percentile by Number Answered
Your Score History
You have not taken this quiz